000
00257nam a2200097Ia 4500
008
220204s9999 xx 000 0 und d
082
_a
003
_b
LIB
245
0
_a
Library of knowledge colour encylcopedia.9 V
260
_a
London
_b
Aldus Jupiter
_c
1968
942
_c
BK
999
_c
27687
_d
27687